1954 1913 1593 1407 1817 1441 1957 1615 1642 1106 1745 1099 1439 1429 1250 1721 1364 1640 1862 1613 1309 1997 1742 1558 1831 1789 1990 1334 1550 1733 1813 1004 1088 1134 1692 1628 1802 1266 1235 1927 1489 1642 1604 1908 1738 1955 1094 1728 1604 1131 1609 1296 1384 1953 1386 1685 1594 1353 1302 1351 1901 1590 1265 1177 1179 1165 1068 1197 1023 1071 1028 1284 1083 1820 1898 1425 1478 1793 1333 1613 1278 1300 1239 1799 1649 1671 1627 1299 1593 1094 1290 1287 1534 1512 1049 1379 1903 1675 1178 BCNSPRNW ULIB Ver.6.0+V

เปลี่ยนเป็นภาษาไทย

Change to English
 แสดงรายละเอียดบรรณานุกรม
  กลับหน้าหลัก

Brief Record : Get Marc (ISO 2709) : E-mail record : QR code < ปิดหน้าต่าง
LEADER : 00000nam 2200000uu 4500
001    13399127007
003     ULIB
008    190928s2562||||th 000 0 tha d
020 ^- ^a9786168221112
060  0 ^aWS350.5^bก55จ
100 1^ aกอสวามี, อูชา ซี.
245 10 ^aจิตวิทยาเด็ก :ความรู้ฉบับพกพา /^cUsha Goswami ; สุภลัคน์ ลวดลาย, วรัญญู กองชัยมงคล แปล.
250 ^- ^aพิมพ์ครั้งแรก.
260 ^- ^aกรุงเทพฯ :^bบุ๊คสเคป,^c2562
300 ^- ^a230 หน้า.
500 ^- ^aแปลจาก: Child psychology : a very short introduction. 2014.
650 ^4 ^aจิตวิทยาเด็ก.
700 0^ aสุภลัคน์ ลวดลาย,วรัญญู กองชัยมงคล.
740 0^ aChild psychology : a very short introductio
945    ^p285^l0^i27822
945    ^p285^l0^i27821
945    ^p285^l0^i27823
945    ^p285^l0^i27824
945    ^p285^l0^i27825
999    ^aกัณชพร จุลอักษร
รายการนี้ยังไม่มีแท็ก
คุณยังไม่ได้ล็อกอิน คุณสามารถมีกิจกรรมร่วมกับเว็บไซต์ได้ แต่ต้องล็อกอินก่อน ::
  ล็อกอิน

รายการสื่อสารสนเทศ

ลำดับที่ ประเภท เลขเรียก/บาร์โค้ด สถานที่ สถานะ
1. หนังสือสำรอง
หนังสือสำรอง
WS350.5 ก55จ ฉ.1 
  Barcode: 27821
ห้องสมุดวิทยาเขตนครสวรรค์
►หนังสือทั่วไป:l:General Books
บนชั้น
2. วิทยาศาสตร์การแพทย์ และสุขภาพ
วิทยาศาสตร์การแพทย์ และสุขภาพ
WS350.5 ก55จ ฉ.2 
  Barcode: 27822
ห้องสมุดวิทยาเขตนครสวรรค์
►หนังสือทั่วไป:l:General Books
บนชั้น
3. วิทยาศาสตร์การแพทย์ และสุขภาพ
วิทยาศาสตร์การแพทย์ และสุขภาพ
WS350.5 ก55จ ฉ.3 
  Barcode: 27823
ห้องสมุดวิทยาเขตนครสวรรค์
►หนังสือทั่วไป:l:General Books
บนชั้น
4. วิทยาศาสตร์การแพทย์ และสุขภาพ
วิทยาศาสตร์การแพทย์ และสุขภาพ
WS350.5 ก55จ ฉ.4 
  Barcode: 27824
ห้องสมุดวิทยาเขตนครสวรรค์
►หนังสือทั่วไป:l:General Books
บนชั้น
5. วิทยาศาสตร์การแพทย์ และสุขภาพ
วิทยาศาสตร์การแพทย์ และสุขภาพ
WS350.5 ก55จ ฉ.5 
  Barcode: 27825
ห้องสมุดวิทยาเขตนครสวรรค์
►หนังสือทั่วไป:l:General Books
บนชั้น

รายการใกล้เคียง
    หัวเรื่อง [จิตวิทยาเด็ก.]

BibComment


ยังไม่เคยถูกคอมเมนท์

คอมเมนท์ทรัพยากรรายการนี้
  คอมเมนท์: จิตวิทยาเด็ก ควา..


 Copyright 2026. Bcnsprnw @Library